|
|
|
|
| LEADER |
00791nam a22002052a 4500 |
| 001 |
000143032 |
| 003 |
CZ BrMZK |
| 005 |
20021101080224.0 |
| 007 |
ta |
| 008 |
010907s1953 xr f cze d |
| 040 |
|
|
|a BOA001
|b cze
|c BOA001
|
| 100 |
1 |
|
|a Volavý, Slávek,
|d 1922-1983
|7 jk01150457
|4 dis
|
| 245 |
1 |
0 |
|a Svatební písně a jejich vztahy k jednotlivým úkonům svatebního ceremonielu /
|c Vítězslav Volavý
|
| 260 |
|
|
|a Brno :
|b [Filosofická fakulta Masarykovy university,
|c 1953]
|
| 300 |
|
|
|a 4, 188 s., příl.
|
| 502 |
|
|
|a Disertace -- Masarykova univerzita, 1953
|
| 710 |
2 |
|
|a Masarykova univerzita.
|b Filozofická fakulta
|7 kn20010709276
|
| 910 |
|
|
|a BOA001
|b 4-0309.715
|
| 990 |
|
|
|a BK
|
| 996 |
6 |
|
|b 2619952840
|c 4-0309.715
|l MZK
|r Sklad / do 24 hodin
|n 6
|w 000143032
|u 000010
|a 1
|e BOA001
|j MZK50
|s P
|